| 000 | 00439nam a22001691a 4500 | ||
|---|---|---|---|
| 001 | 10427 | ||
| 003 | OSt | ||
| 005 | 20260204212158.0 | ||
| 008 | 090106s1977||||dr ||||||b||||||||||spa|| | ||
| 050 | _aRD 320.7293 M366m | ||
| 100 | _aMartinez, Orlando | ||
| 245 | _aMicroscopio tomo II / Orlando Martinez | ||
| 264 | _aSanto Domingo : Taller | ||
| 300 | _a503 p | ||
| 650 | _aHistoria Politica - República DominicanaÌ | ||
| 942 |
_2ddc _cBK |
||
| 999 |
_c10427 _d10427 |
||